<?xml version="1.0" encoding="UTF-8"?><?xml-stylesheet type="text/xsl" href="static/style.xsl"?><OAI-PMH xmlns="http://www.openarchives.org/OAI/2.0/" xmlns:xsi="http://www.w3.org/2001/XMLSchema-instance" xsi:schemaLocation="http://www.openarchives.org/OAI/2.0/ http://www.openarchives.org/OAI/2.0/OAI-PMH.xsd"><responseDate>2026-04-17T07:50:51Z</responseDate><request verb="GetRecord" identifier="oai:www.recercat.cat:2445/176993" metadataPrefix="marc">https://recercat.cat/oai/request</request><GetRecord><record><header><identifier>oai:recercat.cat:2445/176993</identifier><datestamp>2025-12-05T11:18:48Z</datestamp><setSpec>com_2072_1057</setSpec><setSpec>col_2072_478801</setSpec><setSpec>col_2072_478916</setSpec><setSpec>col_2072_478906</setSpec><setSpec>col_2072_478917</setSpec></header><metadata><record xmlns="http://www.loc.gov/MARC21/slim" xmlns:dcterms="http://purl.org/dc/terms/" xmlns:xsi="http://www.w3.org/2001/XMLSchema-instance" xmlns:doc="http://www.lyncode.com/xoai" xsi:schemaLocation="http://www.loc.gov/MARC21/slim http://www.loc.gov/standards/marcxml/schema/MARC21slim.xsd">
   <leader>00925njm 22002777a 4500</leader>
   <datafield ind2=" " ind1=" " tag="042">
      <subfield code="a">dc</subfield>
   </datafield>
   <datafield ind2=" " ind1=" " tag="720">
      <subfield code="a">Martínez Álvarez, Anna</subfield>
      <subfield code="e">author</subfield>
   </datafield>
   <datafield ind2=" " ind1=" " tag="720">
      <subfield code="a">Sanz-Torrent, Mònica</subfield>
      <subfield code="e">author</subfield>
   </datafield>
   <datafield ind2=" " ind1=" " tag="720">
      <subfield code="a">Pons Gimeno, Ferran</subfield>
      <subfield code="e">author</subfield>
   </datafield>
   <datafield ind2=" " ind1=" " tag="720">
      <subfield code="a">Diego Balaguer, Ruth de</subfield>
      <subfield code="e">author</subfield>
   </datafield>
   <datafield ind2=" " ind1=" " tag="260">
      <subfield code="c">2021-05-04T12:01:05Z</subfield>
   </datafield>
   <datafield ind2=" " ind1=" " tag="260">
      <subfield code="c">2023-02-15T06:10:22Z</subfield>
   </datafield>
   <datafield ind2=" " ind1=" " tag="260">
      <subfield code="c">2021-02-15</subfield>
   </datafield>
   <datafield ind2=" " ind1=" " tag="260">
      <subfield code="c">2021-05-04T12:01:05Z</subfield>
   </datafield>
   <datafield ind2=" " ind1=" " tag="520">
      <subfield code="a">Temporal expectations critically influence perception and action. Previous research reports contradictory results in children's ability to endogenously orient attention in time as well as the developmental course. To reconcile this seemingly conflicting evidence, we put forward the hypothesis that expectancy violations through the use of invalid trials are the source of the mixed evidence reported in the literature. With the aim of offering new results that could reconcile previous findings, we tested a group of young children (4- to 7-year-olds), an older group (8- to 12-year-olds), and a group of adults. Temporal cues provided expectations about target onset time, and invalid trials were used such that the target appeared at the unexpected time in 25% of the trials. In both experiments, the younger children responded faster in valid trials than in invalid trials, showing that they benefited from the temporal cue. These results show that young children rely on temporal expectations to orient attention in time endogenously. Importantly, younger children exhibited greater validity effects than older children and adults, and these effects correlated positively with participants' performance in the invalid (unexpected) trials. We interpret the reduction of validity effects with age as an index of better adaptation to the invalid (unexpected) condition. By using invalid trials and testing three age groups, we demonstrate that previous findings are not inconsistent. Rather, evidence converges when considering the presence of expectancy violations that require executive control mechanisms, which develop progressively during childhood. We propose a distinction between rigid and flexible mechanisms of temporal orienting to accommodate all findings.</subfield>
   </datafield>
   <datafield tag="653" ind2=" " ind1=" ">
      <subfield code="a">Desenvolupament infantil</subfield>
   </datafield>
   <datafield tag="653" ind2=" " ind1=" ">
      <subfield code="a">Assaigs clínics</subfield>
   </datafield>
   <datafield tag="653" ind2=" " ind1=" ">
      <subfield code="a">Atenció</subfield>
   </datafield>
   <datafield tag="653" ind2=" " ind1=" ">
      <subfield code="a">Psicologia</subfield>
   </datafield>
   <datafield tag="653" ind2=" " ind1=" ">
      <subfield code="a">Child development</subfield>
   </datafield>
   <datafield tag="653" ind2=" " ind1=" ">
      <subfield code="a">Clinical trials</subfield>
   </datafield>
   <datafield tag="653" ind2=" " ind1=" ">
      <subfield code="a">Attention</subfield>
   </datafield>
   <datafield tag="653" ind2=" " ind1=" ">
      <subfield code="a">Psychology</subfield>
   </datafield>
   <datafield ind2="0" ind1="0" tag="245">
      <subfield code="a">Rethinking attention in time: expectancy violations reconcile contradictory developmental evidence</subfield>
   </datafield>
</record></metadata></record></GetRecord></OAI-PMH>